| 000 | 00918nam a2200253 i 4500 | ||
|---|---|---|---|
| 001 | 145734 | ||
| 003 | ES-MaACL | ||
| 005 | 20250826005751.0 | ||
| 007 | t| | ||
| 008 | 071016s1973 sp |||| | spa d | ||
| 020 | _a84-229-0151-X | ||
| 100 | 1 |
_aVera, Jaime, _d1858-1918 _9113945 |
|
| 245 | 1 | 0 |
_aCiencia y proletariado _b: escritos seleccionados / _cJaime Vera ; prólogo y selección de Juan José Castillo. |
| 260 |
_aMadrid : _bCuadernos para el Diálogo, _c1973. |
||
| 300 |
_a343 p. ; _c18 cm. |
||
| 490 | 1 |
_aDivulgación universitraria. Movimiento obrero ; _v51 |
|
| 650 | 4 |
_aSocialismo- _zEspaña. _917155 |
|
| 650 | 4 |
_aPartidos socialistas- _zEspaña. _9167363 |
|
| 700 | 1 |
_aCastillo, Juan José. _936703 |
|
| 710 | 2 |
_aCuadernos para el Diálogo. _93333 |
|
| 830 | 1 | 0 |
_aDivulgación universitaria. _pMovimiento obrero _v51 _9220795 |
| 852 |
_aES-MaACL _jC-53686 |
||
| 999 |
_c145734 _d145734 |
||